[Event "FRA-ch Blitz Online Qual"]
[Site "Europe Echecs INT"]
[Date "2020.05.16"]
[Round "2"]
[White "Gandreuil, Brice"]
[Black "Porchel, Baptiste"]
[Result "1-0"]
[WhiteElo "1500"]
[BlackElo "1104"]
[PlyCount "49"]
[EventDate "2020.05.16"]
[EventType "swiss (blitz)"]
[EventRounds "15"]
[EventCountry "FRA"]
[SourceTitle "CBM 196 Extra"]
[Source "ChessBase"]
[SourceDate "2020.07.31"]
[SourceVersion "1"]
[SourceVersionDate "2020.07.31"]
[SourceQuality "1"]

1. e4 e5 2. Nf3 Nc6 3. Bc4 Nf6 4. Ng5 d5 5. exd5 Na5 6. Bb5+ c6 7. dxc6 bxc6 8. Be2 Ng4 9. Bxg4 Qxg5 10. Bf3 Bf5 11. d3 Rd8 12. Bxg5 f6 13. Be3 e4 14. Bg4 exd3 15. Bxf5 dxc2 16. Qxc2 Bb4+ 17. Nc3 Nc4 18. 0-0 0-0 19. Be6+ Kh8 20. Bxc4 Bxc3 21. bxc3 Rd7 22. Rad1 Rfd8 23. Rxd7 Rxd7 24. Rd1 Rb7 25. Rd8# 1-0